| 000 | 00817cam a2200205 4500 | ||
|---|---|---|---|
| 001 | WB3619-32 | ||
| 008 | 000000n2000 000 0 eng u | ||
| 035 | _a(Sirsi) u105999 | ||
| 245 | _aMixed reception for sellers' information packs | ||
| 260 | _c2000 | ||
| 490 |
_aObserver _v 14 May 2000, 11(2) |
||
| 520 | _aGovernment plans for a homeseller's information pack, designed to speed up house sales and reduce gazumping, are criticised. Solicitors and estate agents involved in the pilot scheme report that the pack is expensive to produce and unlikely to reduce the period between acceptance of an offer and completion. | ||
| 590 | _aWB | ||
| 650 | _aSELLERS INFORMATION PACKS | ||
| 650 | _aGAZUMPING | ||
| 650 | _aGAZUNDERING | ||
| 650 | _aDETR | ||
| 690 | _aPROPERTY AND LAND LAW-AGENCY | ||
| 942 | _n0 | ||
| 999 |
_c63479 _d63479 |
||